000 01065nam0a22002651 4500
001 rc\319239
005 20250621034048.0
035 _a(NLR Aleph) 005553896
090 _a5839686
_c5839686
100 _a20030307d1990 |||y0rusy50 ca
101 0 _arus
102 _aRU
105 _aa |||||||||
200 1 _aИзмерение средней поляризации нейтронов в широком пучке
_fБ.Г. Ерозолимский, И.А. Кузнецов, Н.Ф. Маслов, И.В. Степаненко
210 _aЛ.
_cЛИЯФ
_d1990
215 _a34 с.
_cил.
_d22
225 1 _aПрепринт
_fАН СССР, Ленингр. ин-т ядер. физики им. Б.П. Константинова
_v1574
320 _aБиблиогр.: с. 33 (10 назв.)
701 1 _7ca
_8rus
_aЕрозолимский
_bБ. Г.
_f1921-2014
_gБорис Григорьевич
_9165721
_3RU\NLR\AUTH\770165768
801 0 _aRU
_bNLR
_gpsbo
801 1 _aRU
_bELAR
_2rusmarc
852 _aNLR
_j90-4/3289
942 _cBOOK
980 _aNB